LEADER 00941nam a2200241 u 4500 001 000000064059 003 CaOOAMICUS 005 20070226121320.0 008 011113s1947 it u000 u ita u 035 $a10909665 040 $aPUL(R)$bita 100 1 $aBagolini, Luigi,$d1913-$0(OLS)http://pul/name/10575 245 10$aEsperienza giuridica e politica nel pensiero di David Hume /$cLuigi Bagolini. 260 $aSiena :$bTipografia Nuova,$c1947. 300 $a260 p. ;$c21 cm 504 $aComprende bibliografia in nota. 600 14$aHume, David,$d1711-1776.$0(OLS)http://pul/subject/4825 850 $aPUL 852 $aPUL$W1$xDP2 Filosofia 1$y62$m83 G 15$j83093$nBK-PRI$qStampati$B83093$CPULBib$Z2$F83093 $82 941 1 $a8 961 $aINV: 14543 996 $6245$aEsperienza giuridica e politica nel pensiero di David Hume$9(OLS)http://pul/title/85380 996 $6260$aSiena :$bTipografia Nuova$9(OLS)http://pul/publisher/70777 LEADER 01199nam a2200289 a 4500 001 000000145433 003 CaOOAMICUS 005 20150903132352.0 008 150903s1985 it u000 u ita r 040 $aPUL$bita 041 1 $aita$hger 100 1 $aExeler, Adolf.$0(OLS)http://pul/name/46812 240 10$aIn Gottes Freiheit leben.$lItaliano.$0(OLS)http://pul/title/183911 245 10$aVivere nella libertà di Dio :$bi dieci comandamenti /$cAdolf Exeler. 260 $aRoma :$bEdizioni Paoline,$c1985. 300 $a176 p. ;$c21 cm 490 1 $aAndate e annunciate.$aStudi e ricerche ;$v03 504 $aBibliografia in nota. 650 4$aComandamenti.$0(OLS)http://pul/subject/36245 830 0$aAndate e annunciate.$pStudi e ricerche ;$v03.$0(OLS)http://pul/title/172374 850 $aPUL 852 $aPUL$W1$xDP1 Fondo S. Lanza$y121$m3 O 8$j168177$qFondi$B168761$CPULBib$Z2$F168761 $HLan2027 $82 941 1 $a1 961 $aNota ms. di possesso: Sergio Lanza 996 $6245$aVivere nella libertà di Dio :$bi dieci comandamenti$9(OLS)http://pul/title/183912 996 $6260$aRoma :$bEdizioni Paoline$9(OLS)http://pul/publisher/47933